Statistics for Northernmost Countries A-Z

Click here to take the quiz!

General Stats

  • This quiz has been taken 82,664 times
  • The average score is 20 of 24

Answer Stats

Letter Country % Correct
RRussia
97%
CCanada
97%
FFinland
96%
DDenmark
95%
NNorway
94%
SSweden
94%
IIceland
92%
EEstonia
89%
QQatar
88%
UUnited States
87%
LLatvia
84%
GGermany
82%
YYemen
82%
JJapan
81%
ZZambia
80%
PPoland
78%
OOman
77%
BBelarus
75%
MMongolia
74%
KKazakhstan
73%
HHungary
70%
AAustria
62%
VVatican City
58%
TTurkmenistan
55%

Score Distribution

Percentile by Number Answered

Percent of People with Each Score

Your Score History

You have not taken this quiz